Censo Nacional de población, familias y viviendas; 1970: resultados provisionales /

Detalles Bibliográficos
Autor Corporativo: Instituto Nacional de Estadística y Censos (Argentina)
Formato: Libro
Publicado: Buenos Aires : INDEC, [197?].
Materias:
Etiquetas: Agregar Etiqueta
Sin Etiquetas, Sea el primero en etiquetar este registro!

MARC

LEADER 00000nam a22000004a 4500
001 AR-BbUGT1411
003 AR-BbUGT
005 20181220001540.0
007 ta
008 061101t|||| ||| |0|||0| d
040 |a AR-BbUGT  |b spa  |c AR-BbUGT 
082 0 4 |a 312 
110 2 |a Instituto Nacional de Estadística y Censos (Argentina) 
245 1 0 |a Censo Nacional de población, familias y viviendas; 1970:   |b resultados provisionales /   |c Instituto Nacional de Estadística y Censos. 
260 |a Buenos Aires :   |b INDEC,   |c [197?]. 
300 |a 53 p. ;   |c 29 cm. 
500 |a "Resultados del Censo Nacional de Población, Familias y Viviendas -1970- Capital Federal, Provincias y Territorio Nacional de la Tierra del Fuego, Antártida e Islas del Atlántico Sur.". 
653 |a Estadística 
653 |a Censos 
653 |a Población 
653 |a Familias 
653 |a Viviendas 
653 |a Censo de edificios y viviendas 
653 |a Demografía 
653 |a Argentina 
942 |c BK  |h 312  |i AR37 1970  |m D  |2 ddc  |6 312_000000000000000_AR37_1970 
999 |c 9228  |d 9228